ASOIAF - Northern Houses COAs - Statistics

General Stats
  • This quiz has been taken 132 times
    128 since last reset
  • The average score is 15 of 25
Answer Stats
Picture Answer % Correct
Bolton
97%
Mormont
97%
Reed
97%
Stark
96%
Umber
96%
Manderly
93%
Karstark
92%
Glover
89%
Hornwood
86%
Cerwyn
79%
Ryswell
78%
Dustin
68%
Tallhart
62%
Locke
58%
Thenn
42%
Flint of Widow's Watch
33%
Wull
33%
Flint of Flint's Finger
29%
Knott
28%
Norrey
28%
Liddle
25%
Slate
18%
Harclay
16%
Stout
16%
Burley
12%
No matching quizzes found
Score Distribution
Percent of People with Each Score
Percentile by Number Answered
Your Score History
You have not taken this quiz since the last reset